000 01137nam a2200325Ia 4500
001 dia_5396
003 CHAP
005 20240119131356.0
007 ta
008 220117s1985 mx ab fr 001 0 spa d
040 _cCHAP
_amxchpua
090 _aT.C.37
_bR47 IA
_c1985
245 1 0 _aReporte del trabajo de investigación realizado en San Nicolás Zecalacoayan, Puebla /
_ccolaboradores Ana Rosa García Villafuerte...[et al.]
260 _aMéxico :
_bEl autor,
_c1985
300 _a43 hojas :
_bilustraciones, mapas
336 _2rdacontent
_atexto
_btxt
337 _2rdamedia
_asin medio
_bn
338 _2rdacarrier
_avolumen
_bnc
500 _a4º grado
502 _aViaje de estudios
_b(IA) --
_cUACh. Departamento de Sociología Rural,
_d1985
650 1 3 _aAgricultura
_xInvestigación
_9158489
_zMéxico
_zPuebla
650 1 3 _aAgriculture
_xResearch
_9158490
_zMexico
_zPuebla
700 1 _aGarcía Villafuerte, Ana Rosa
_946725
_ecolaboradora
901 _aT.C.37 R47 IA 1985
902 _aM
905 _a5332271985 MX abn 8222223322SPA16
942 _2local
942 _cVE
999 _c176315
_d176315